000 00206 a2200097 4500
001 35154
100 _aN A D
245 _aIntekhab Sajjad haider
260 _aLahore
_bSange Meel
_c
090 _c23298
_d23298
942 _aNUST-CAE
_cM
_c14778
999 _c270227
_d270227